Advanced accounts (Record no. 3791)

000 -LEADER
fixed length control field 00583nam a22002291 4500
001 - CONTROL NUMBER
control field 3791
003 - CONTROL NUMBER IDENTIFIER
control field BD-DhUET
008 - FIXED-LENGTH DATA ELEMENTS--GENERAL INFORMATION
fixed length control field 740123s1966 ii k 000 0 eng
020 ## - INTERNATIONAL STANDARD BOOK NUMBER
International Standard Book Number 8121902789
040 ## - CATALOGING SOURCE
Original cataloging agency DLC
Transcribing agency DLC
Modifying agency BD-DhUET
082 00 - DEWEY DECIMAL CLASSIFICATION NUMBER
Classification number 657
Item number SHU/1999
100 1# - MAIN ENTRY--PERSONAL NAME
Personal name Shukla, M. C.
245 10 - TITLE STATEMENT
Title Advanced accounts
Statement of responsibility, etc. by M. C. Shukla and T. S. Grewal
250 ## - EDITION STATEMENT
Edition statement 14th ed.
260 ## - PUBLICATION, DISTRIBUTION, ETC. (IMPRINT)
Place of publication, distribution, etc. New Delhi
Name of publisher, distributor, etc. S, chand
Date of publication, distribution, etc. 1999
300 ## - PHYSICAL DESCRIPTION
Extent v.p.
Other physical details ill.
Dimensions 25 cm.
504 ## - BIBLIOGRAPHY, ETC. NOTE
Bibliography, etc Includes bibliographies
650 #0 - SUBJECT ADDED ENTRY--TOPICAL TERM
Topical term or geographic name as entry element Accounting
700 ## - ADDED ENTRY--PERSONAL NAME
Personal name Grewal, T. S.
700 ## - ADDED ENTRY--PERSONAL NAME
Personal name Gupta, S. C.
942 ## - ADDED ENTRY ELEMENTS (KOHA)
Koha item type General Book
Holdings
Piece designation (barcode) Withdrawn status Koha normalized classification for sorting Price effective from Location (home branch) Copy number Koha full call number Koha item type Damaged status Koha date last seen Sublocation or collection (holding branch) Date acquired Not for loan Source of classification or shelving scheme Shelving location Lost status
93656 657SHU19992014-11-05Central Library, BUET1657/SHU/1999General Book 2014-11-05Central Library, BUET2014-11-05  Circulation section 
93657 657SHU19992014-11-05Central Library, BUET2657/SHU/1999General Book 2014-11-05Central Library, BUET2014-11-05  Circulation section 
93658 657SHU19992014-11-05Central Library, BUET3657/SHU/1999General Book 2014-11-05Central Library, BUET2014-11-05  Circulation section 
93659 657SHU19992014-11-05Central Library, BUET4657/SHU/1999General Book 2014-11-05Central Library, BUET2014-11-05  Circulation section 
93660 657SHU19992014-11-05Central Library, BUET5657/SHU/1999General Book 2014-11-05Central Library, BUET2014-11-05  Circulation section 
93661 657_000000000000000_SHU_19992014-11-05Central Library, BUET6657/SHU/1999General Book 2014-11-05Central Library, BUET2014-11-05  Circulation section 
93662 657SHU19992014-11-05Central Library, BUET7657/SHU/1999General Book 2014-11-05Central Library, BUET2014-11-05  Circulation section 
93655 657_000000000000000_SHU_19992014-11-05Central Library, BUET8657/SHU/1999General Book 2014-11-05Central Library, BUET2014-11-05  Circulation section 
93654 657_000000000000000_SHU_19992015-06-20Central Library, BUET9657/SHU/1999Reading Item 2015-06-20Central Library, BUET2015-06-20  Reading section 
93653 657_000000000000000_SHU_19992015-06-20Central Library, BUET10657/SHU/1999Reading Item 2015-06-20Central Library, BUET2015-06-20  Reading section